00792nam a22002057a 450000500170000001000150001702000260003203500140005803700090007208200120008124500350009325000060012826000580013427001270019230000180031950000460033794200260038399900190040995201580042820260427125123.0 aENG-147849 a9789371360494c465.00 aEN-131381 bDBAD a540.076 aNEET 2026 Crash Course Biology a1 aUttar PradeshbPearson India Education Servicesc2026 a15th Flooor, Tower-B, World Trade Tower, Plot No. 1, Block-C, Sector-16bNoidae201301mcompanysecretary.india@pearson.com avp.c25cm(pb) a A Complete Guide for NEET (UG) Aspirants 2ddccENh540.076mNEE c215984d215984 001040708NFICaZLSbZLSd2026-04-27eDelivery of Books Act Divisiong465.00l0o540.076 NEEpEN-131381r2026-04-27 12:51:57t1v465.00w2026-04-27yEN